Chile arte extremo: nueva escena en el cambio de siglo

Zapisane w:
Opis bibliograficzny
Główni autorzy: Lara, Carolina (Autor), Rojas, Sergio (Autor)
Kolejni autorzy: Machuca Carvajal, Guillermo (autor)
Format: Książka
Język:hiszpański
Wydane: Santiago Libros La Calabaza del Diablo 2008
Hasła przedmiotowe:
Etykiety: Dodaj etykietę
Nie ma etykietki, Dołącz pierwszą etykiete!

MARC

LEADER 00000nam a2200000 a 4500
001 UCG4253
003 CL-VaPUC
008 101021e20080000CL |||||||||||||||||spa|d
020 |a 9567117358 
082 0 4 |a 709.83  |b LAR  |2 21 
100 |a Lara, Carolina  |e author  |9 578935 
700 |a Machuca Carvajal, Guillermo  |e autor  |9 537034 
700 0 |a Rojas, Sergio  |e author  |9 553599 
245 1 0 |a Chile arte extremo: nueva escena en el cambio de siglo 
300 |a 347 p 
942 |c BK 
945 |d 20101021 00:00:00  |a mfarfan 
260 |a Santiago  |b Libros La Calabaza del Diablo  |c 2008 
650 0 |a Artistas chilenos  |9 344566 
650 0 |a Arte chileno   |9 369871 
583 |a last modification  |c 20101021 00:00:00  |k Rodrigo Vera 
999 |c 343075  |d 343073 
952 |0 0  |1 0  |4 0  |6 709_830000000000000_LAR_2008  |7 0  |8 R  |9 440034  |a BIBART  |b BIBART  |d 2019-11-22  |i 4728491  |o 709.83 LAR 2008  |p 4728491  |r 2025-03-13  |w 2019-11-22  |y BK_R  |k ART